000 00604nam a2200169 i 4500
001 158404
003 ES-MaACL
005 20230906211134.0
008 950111s1892 sp |||| | spa d
100 1 _aMaciñeira Pardo-de-Lama, Federico.
_9212817
245 1 0 _aCrónicas de Ortigueira /
_cFederico Maciñeira y Pardo.
260 _aLa Coruña :
_b[s.n.],
_c1892 (
_fEstab. Tip. de La Voz de Galicia, a cargo de Jose M. Márquez)
300 _aXVIII, 332 p. ;
_c18 cm.
651 4 _aSanta Marta de Ortigueira-
_xDescripción.
_9169595
852 _aES-MaACL
_jG-1314
_z- Enc. hol.
999 _c158404
_d158404